Vetilio Alfau Durán en Anales : (Record no. 15502)

MARC details
000 -LEADER
campo de control de longitud fija 01203cam a2200313 4500
001 - NÚMERO DE CONTROL
campo de control 14327
005 - FECHA Y HORA DE LA ÚLTIMA TRANSACCIÓN
campo de control 20230410101906.0
008 - DATOS DE LONGITUD FIJA--INFORMACIÓN GENERAL
campo de control de longitud fija 060907n1997 dr spa
035 ## - NÚMERO DE CONTROL DEL SISTEMA
-- funglode14449
041 ## - CÓDIGO DE IDIOMA
Código de lengua del texto/banda sonora o título independiente ES
050 14 - SIGNATURA TOPOGRÁFICA DE LA BIBLIOTECA DEL CONGRESO
Número de clasificación 118 F 1938
Número de ítem A385v 1997
082 04 - NÚMERO DE LA CLASIFICACIÓN DECIMAL DEWEY
Número de clasificación 972.93
Número de edición 21
100 1# - ENTRADA PRINCIPAL--NOMBRE DE PERSONA
Nombre de persona Alfau Durán, Vetilio
245 10 - MENCIÓN DEL TÍTULO
Título Vetilio Alfau Durán en Anales :
Resto del título escritos y documentos /
Mención de responsabilidad, etc. Compiladores Arístides Incháustegui, Blanca Delgado Malagón
260 ## - PUBLICACIÓN, DISTRIBUCIÓN, ETC.
Lugar de publicación, distribución, etc. Santo Domingo :
Nombre del editor, distribuidor, etc. Banco de Reservas de la República Dominicana,
Fecha de publicación, distribución, etc. 1997
300 ## - DESCRIPCIÓN FÍSICA
Extensión xxx, 1008 p. :
Otras características físicas ill. ;
Dimensiones 23 cm.
440 #0 - MENCIÓN DE SERIE/PUNTO DE ACCESO ADICIONAL--TÍTULO
Título Publicación especial de la Colección Banreservas
504 ## - NOTA DE BIBLIOGRAFÍA, ETC.
Nota de bibliografía, etc. Includes bibliographical references and index.
651 #0 - PUNTO DE ACCESO ADICIONAL DE MATERIA--NOMBRE GEOGRÁFICO
Nombre geográfico Dominican Republic
Subdivisión general History.
651 #0 - PUNTO DE ACCESO ADICIONAL DE MATERIA--NOMBRE GEOGRÁFICO
Nombre geográfico Dominican Republic
Subdivisión general Bibliography.
650 #0 - PUNTO DE ACCESO ADICIONAL DE MATERIA--TÉRMINO DE MATERIA
Término de materia o nombre geográfico como elemento de entrada Dominican literature
Subdivisión general History and criticism.
651 #4 - PUNTO DE ACCESO ADICIONAL DE MATERIA--NOMBRE GEOGRÁFICO
Nombre geográfico República Dominicana
Subdivisión general Historia.
653 ## - TÉRMINO DE INDIZACIÓN--NO CONTROLADO
Término no controlado Alfau Durán, Vetilio - Colecciones de escritos.
653 ## - TÉRMINO DE INDIZACIÓN--NO CONTROLADO
Término no controlado República Dominicana - Historia.
700 1# - ENTRADA AGREGADA--NOMBRE PERSONAL
Nombre de persona Incháustegui, Arístides,
Fechas asociadas al nombre 1938-
700 2# - ENTRADA AGREGADA--NOMBRE PERSONAL
Nombre de persona Delgado Malagón, Blanca
730 0# - ASIENTO SECUNDARIO--TITULO UNIFORME
Título uniforme Anales de la Universidad de Santo Domingo.
942 ## - ELEMENTOS DE ENTRADA SECUNDARIOS (KOHA)
Fuente del sistema de clasificación o colocación Clasificación de Library of Congress
Tipo de ítem Koha
Holdings
Estatus retirado Estado de pérdida Fuente del sistema de clasificación o colocación Estado de daño No para préstamo Colección Biblioteca de origen Biblioteca actual Ubicación en estantería Fecha de adquisición Serial enumeration / chronology Signatura topográfica completa Código de barras Visto por última vez Copia número Tipo de ítem Koha
    Clasificación de Library of Congress     Recursos Regionales Biblioteca Juan Bosch Biblioteca Juan Bosch Recursos Regionales (2do. Piso) 23/10/2018 1 118 F 1938 A385v 1997 00000012618 23/10/2018 1